[Event "POR-ch"]
[Site "?"]
[Date "1994.??.??"]
[Round "9"]
[White "Gaspar, Artur"]
[Black "Galego, Luis"]
[Result "0-1"]
[WhiteElo "2000"]
[BlackElo "2440"]

1.e4 d6 2.d4 Nf6 3.Nc3 c6 4.Nf3 Qa5 5.Bd3 e5 6.O-O Bg4 7.dxe5 dxe5 8.h3 Bh5
9.Bd2 Qc7 10.Qe2 Nbd7 11.a4 Be7 12.Kh1 O-O 13.g4 Bg6 14.Nh4 Nc5 15.Nf5 Rfd8
16.Bg5 Ne6 17.Bh4 Nf4 18.Qf3 Bxf5 19.exf5 N6d5 20.Bg3 Nxh3 21.Nxd5 Rxd5 22.Bxe5 Nxf2+
23.Rxf2 Rxe5 24.Qh3 Bg5 25.Raf1 Qd8 26.f6 g6 27.Rh2 Qd5+ 28.Rf3 h6 29.Rf2 Rd8
30.b3 Qd4 31.Kg2 b5 32.axb5 cxb5 33.Qg3 a5 34.Kh3 Qd6 35.Bf1 Rde8 36.Bd3 Rd8
37.Bf1 Qe6 38.Bd3 Rd4 39.Qg2 Be3 40.Rf1 Rh5+  0-1

[Event "CZE-ch playoff"]
[Site "Prague"]
[Date "1994.??.??"]
[Round "2"]
[White "Hracek, Zbynek"]
[Black "Jansa, Vlastimil"]
[Result "1-0"]
[WhiteElo "2510"]
[BlackElo "2515"]

1.e4 d6 2.d4 Nf6 3.Nc3 Nbd7 4.f3 e5 5.Nge2 Be7 6.Be3 c6 7.Qd2 O-O 8.g4 b5
9.O-O-O b4 10.Nb1 a5 11.Ng3 d5 12.g5 exd4 13.Bxd4 Ne8 14.exd5 cxd5 15.f4 Nc5
16.Qe3 Ne6 17.Nf5 Nd6 18.Nxe7+ Qxe7 19.Bd3 Ba6 20.Rhe1 Bxd3 21.Qxd3 Ne4 22.Be3 Rfd8
23.Nd2 N4c5 24.Bxc5 Qxc5 25.f5 Nd4 26.Kb1 Rac8 27.Rc1 Nc6 28.g6 f6 29.Nf3 Qc4
30.Qe3 d4 31.Qf4 Qd5 32.gxh7+ Kxh7 33.Rg1 Rd7 34.Ne1 Ne5 35.Qh4+ Kg8 36.Qxf6 d3
37.Qe6+ Qxe6 38.fxe6 Re7 39.Nxd3 Nxd3 40.cxd3 Rxc1+ 41.Kxc1 Rxe6 42.h4 Re2
43.Rf1 Kh7 44.Rf4 Kh6 45.d4 Kg6 46.d5 Re8 47.Kc2 Rd8 48.Rd4 Kf6 49.Kb3 Ke5
50.Rd2 Rh8 51.d6 Ke6 52.d7 Ke7 53.d8=Q+ Rxd8 54.Rxd8  1-0

[Event "Praha Mladi"]
[Site "Prague"]
[Date "1994.??.??"]
[Round "6"]
[White "Ioseliani, Nana"]
[Black "Hausner, Ivan"]
[Result "1/2-1/2"]
[WhiteElo "2435"]
[BlackElo "2470"]

1.e4 d6 2.d4 Nf6 3.Nc3 c6 4.Nf3 Bg4 5.Be2 e6 6.O-O Be7 7.h3 Bh5 8.Nd2 Bxe2
9.Qxe2 d5 10.e5 Nfd7 11.Qg4 g6 12.Nf3 h5 13.Qf4 a6 14.Rd1 c5 15.Ne2 cxd4
16.Nexd4 Qc7 17.h4 Nc6 18.Nxc6 Qxc6 19.c3 Rc8 20.Be3 Qb5 21.Bd4 Nc5 22.b3 Qe2
23.Be3 Qc2 24.c4 dxc4 25.Rdc1 Qe4 26.Rxc4 Qxf4 27.Bxf4 a5 28.Bg5 b6 29.Rd1 Bxg5
30.Nxg5 O-O 31.Rcd4 Na6 32.Rd6 Nb4 33.Rxb6 Nxa2 34.Rd7 Rcd8 35.Rxd8 Rxd8
36.Rb7 Rf8 37.Ne4 Nc1 38.Nd6 Nd3 39.Nc4 Ra8 40.Kf1 a4 41.Nb6 Ra5 42.bxa4 Rxe5
43.g3 Re1+ 44.Kg2 Re2 45.Kf3 Ra2 46.Nd7 Rxa4 47.Ke2 Ra3 48.Nf6+ Kg7 49.Ne8+ Kf8
50.Nf6  1/2-1/2

[Event "CZE Tschechien-ch"]
[Site "Prague"]
[Date "1994.??.??"]
[Round "6"]
[White "Michalek, Jan"]
[Black "Hausner, Ivan"]
[Result "1/2-1/2"]
[WhiteElo "2290"]
[BlackElo "2480"]

1.e4 d6 2.d4 Nf6 3.Nc3 c6 4.f4 Qa5 5.Bd3 e5 6.Nf3 Bg4 7.Be3 Nbd7 8.Qd2 Bxf3
9.gxf3 Nh5 10.Ne2 Qxd2+ 11.Kxd2 g6 12.fxe5 dxe5 13.c3 Bg7 14.Kc2 O-O 15.Ng3 Nf4
16.Bxf4 exf4 17.Ne2 c5 18.Bb5 cxd4 19.Bxd7 d3+ 20.Kxd3 Rad8 21.Nxf4 Rxd7+
22.Nd5 f5 23.Raf1 Rdf7 24.Ke2 fxe4 25.fxe4 Rxf1 26.Rxf1 Rxf1 27.Kxf1 Kf7
28.Kf2 Ke6 29.Kf3 Be5 30.h3 Bd6 31.a4 h5 32.Nf4+ Kf6 33.Nd3 g5 34.b4 Be5
35.c4 Bd4 36.c5 Ke6 37.b5 a5 38.b6 Bg1 39.c6 bxc6 40.b7 Ba7 41.Nc5+ Kd6 42.Na6 c5
43.e5+ Kxe5 44.Nxc5  1/2-1/2

[Event "Bohemians"]
[Site "Prague"]
[Date "1994.??.??"]
[Round "6"]
[White "Wohlfart, Hubert"]
[Black "Vokac, Marek"]
[Result "1/2-1/2"]
[WhiteElo "2190"]
[BlackElo "2485"]

1.e4 d6 2.d4 Nf6 3.Nc3 c6 4.h3 Nbd7 5.Nf3 e5 6.dxe5 dxe5 7.Bc4 Bb4 8.Qe2 O-O
9.O-O Qe7 10.Nd1 b5 11.Bd3 Nc5 12.c3 Nxd3 13.Qxd3 Rd8 14.Qc2 Bc5 15.Be3 Nh5
16.Bg5 f6 17.Be3 Be6 18.Bxc5 Qxc5 19.Ne3 Nf4 20.Rad1 Kf8 21.Kh2 a5 22.b3 Ke8
23.Ng1 Ng6 24.g3 Ne7 25.Ne2 Qb6 26.Kg2 h5 27.c4 a4 28.Rxd8+ Rxd8 29.Rd1 axb3
30.axb3 b4 31.Rd3 c5 32.Rxd8+ Qxd8 33.Nd5 Nc6 34.Qa2 Qc8 35.Ng1 Nd4 36.Qa7 Kf8
37.Nc7 Nxb3 38.Qb6 Kf7 39.f4 Bxc4 40.fxe5 fxe5 41.Nf3 Kg8 42.Nxe5 Bf7 43.Qd6 Qf8
44.Nxf7 Qxf7 45.Ne6 Qf6 46.e5 Qf5 47.Qd8+ Kh7 48.Ng5+ Kh6 49.h4 Qc2+  1/2-1/2

[Event "Reykjavik op"]
[Site "Reykjavik"]
[Date "1994.??.??"]
[Round "9"]
[White "Bronstein, David I"]
[Black "Rashkovsky, Nukhim N"]
[Result "1/2-1/2"]
[WhiteElo "2400"]
[BlackElo "2535"]

1.e4 d6 2.d4 Nf6 3.Nc3 c6 4.Nf3 Bg4 5.Qd3 e6 6.Bg5 Be7 7.Qe3 Bxf3 8.Qxf3 Nbd7
9.Be2 O-O 10.Be3 b5 11.Bd3 e5 12.O-O exd4 13.Bxd4 b4 14.Na4 c5 15.Be3 Ne5
16.Qe2 Nfg4 17.Bf4 Bf6 18.Rad1 Qa5 19.b3 Rad8 20.Ba6 Kh8 21.h3 Nh6 22.Qb5 Qc7
23.Qb7 Qa5 24.Qb5 Qc7 25.Qb7 Qa5 26.Qb5  1/2-1/2

[Event "ROM-chT"]
[Site "ROM"]
[Date "1994.??.??"]
[Round "?"]
[White "Dumitrescu, Dragos"]
[Black "Grigore, P."]
[Result "1-0"]
[WhiteElo "2370"]
[BlackElo "2185"]

1.d4 d6 2.e4 Nf6 3.Nc3 c6 4.Nf3 Bg4 5.Bc4 e6 6.h3 Bxf3 7.Qxf3 Nbd7 8.O-O Be7
9.Be3 O-O 10.Bb3 e5 11.Rad1 Qc7 12.Ne2 Rfe8 13.c3 Bf8 14.g4 d5 15.exd5 e4
16.Qf5 g6 17.Qg5 cxd5 18.Bxd5 Nxd5 19.Qxd5 Nf6 20.Qb3 h5 21.g5 Nh7 22.c4 Be7
23.Bf4 Bd6 24.Bxd6 Qxd6 25.h4 Qe6 26.Nf4 Qf5 27.Qg3 Rac8 28.c5 Nf8 29.b4 Nd7
30.Ng2 Qd5 31.Qb3 Qf5 32.a4 Kg7 33.Qg3 Qd5 34.Ne3 Qe6 35.d5 Qa6 36.Ra1 Ne5
37.b5 Qa5 38.c6 bxc6 39.bxc6 Nd3 40.Qd6 Ne5 41.Kg2 Kg8 42.Rab1 Qd2 43.Rb7 Qe2
44.Qf6 Qa2 45.d6 Rxc6 46.d7 Rf8 47.d8=Q  1-0

[Event "ROM-ch (Women)"]
[Site "ROM"]
[Date "1994.??.??"]
[Round "?"]
[White "Iosif, Cristina S"]
[Black "Ionescu Brandis, Irina"]
[Result "1/2-1/2"]
[WhiteElo "2220"]
[BlackElo "2200"]

1.e4 d6 2.d4 Nf6 3.Nc3 c6 4.h3 g6 5.Nf3 Bg7 6.Bd3 O-O 7.O-O Nbd7 8.Re1 e5
9.Bf1 Qc7 10.a4 Re8 11.dxe5 dxe5 12.Be3 Nf8 13.Re2 Ne6 14.Rd2 Bf8 15.Ng5 h6
16.Nxe6 Bxe6 17.Qf3 Nd7 18.Rad1 b6 19.Bc4 Rad8 20.Bxe6 Rxe6 21.Qg3 Ree8 22.Qh4 g5
23.Qg4 Nf6 24.Qf5 Bg7 25.h4 gxh4 26.Qh3 Rxd2 27.Rxd2 Rd8 28.Rxd8+ Qxd8 29.Qxh4 Qd6
30.Qh3 Nd7 31.Kh2 Nf8 32.Qc8 Kh7 33.a5 bxa5 34.Bxa7 Qb4 35.Qb8 Ne6 36.Qxb4 axb4
37.Ne2 Bf8 38.Bb8 f6 39.Ba7 Kg6 40.Kg3 Bd6 41.Kf3 c5 42.Ke3 c4 43.Ng3 Bc5+
44.Bxc5 Nxc5 45.Nf5 Na4 46.b3 cxb3 47.cxb3 Nc5 48.Ne7+ Kf7 49.Nd5 Nxb3 50.Nxb4 Nc5
51.Nd5  1/2-1/2

[Event "ROM-chT"]
[Site "ROM"]
[Date "1994.??.??"]
[Round "?"]
[White "Negulescu Dan, Sorina"]
[Black "Sheremetieva, Marina"]
[Result "0-1"]
[WhiteElo "2030"]
[BlackElo "2260"]

1.e4 d6 2.d4 Nf6 3.Nc3 e5 4.Nf3 Nbd7 5.dxe5 dxe5 6.Bc4 Be7 7.O-O c6 8.a4 O-O
9.h3 Qc7 10.Be3 Nc5 11.Nd2 Ne6 12.Ne2 Rd8 13.Ng3 Nf4 14.c3 Bf8 15.Qc2 Bd7
16.a5 Be8 17.Rfd1 b5 18.axb6 axb6 19.Bf1 c5 20.Nf5 g6 21.Nh4 Bc6 22.f3 N6h5
23.g4 Rxa1 24.Rxa1 Bh6 25.Nc4 b5 26.Qf2 bxc4 27.gxh5 Qe7 28.hxg6 hxg6 29.Kh2 Nd3
30.Bxd3 Bxe3 31.Qxe3 cxd3 32.Nf5 Qf6 33.Nh6+ Kg7 34.Ng4 Qf4+ 35.Kg2 Rb8 36.Rb1 d2
37.Qxf4 exf4 38.Kf2 Ba4 39.Kf1 Bc2 40.Ra1 Rxb2  0-1

[Event "ROM-chT"]
[Site "ROM"]
[Date "1994.??.??"]
[Round "?"]
[White "Skripchenko, Almira"]
[Black "Muresan, Margareta"]
[Result "0-1"]
[WhiteElo "2235"]
[BlackElo "2215"]

1.e4 d6 2.d4 Nf6 3.Nc3 c6 4.f4 Qb6 5.e5 dxe5 6.fxe5 Nd5 7.Nxd5 cxd5 8.Bd3 g6
9.c3 Bg7 10.Qf3 Be6 11.Ne2 Na6 12.a4 Nc7 13.a5 Qc6 14.Nf4 O-O 15.Qg3 Bf5
16.Bxf5 gxf5 17.O-O Kh8 18.Nh5 Qg6 19.Rxf5 Ne6 20.Qf3 Rad8 21.Be3 Bh6 22.Bxh6 Qxh6
23.Rf1 Ng5 24.Qf4 Rg8 25.Ng3 Rg6 26.Rf2 Rdg8 27.Kf1 Qxh2 28.e6 f6 29.Qc7 Ne4  0-1

[Event "ROM-chT"]
[Site "ROM"]
[Date "1994.??.??"]
[Round "?"]
[White "Vajda, Albert"]
[Black "Grigore, P."]
[Result "1/2-1/2"]
[WhiteElo "2400"]
[BlackElo "2185"]

1.e4 d6 2.d4 Nf6 3.Nc3 c6 4.a4 Qa5 5.Bd2 e5 6.Nf3 Bg4 7.dxe5 dxe5 8.h3 Bxf3
9.Qxf3 Bb4 10.Bc4 Nbd7 11.O-O O-O 12.Bg5 Bxc3 13.bxc3 h6 14.Bh4 Qc5 15.Bb3 Nh7
16.Rad1 Ndf6 17.Rd3 b5 18.a5  1/2-1/2

[Event "ROM-chT"]
[Site "ROM"]
[Date "1994.??.??"]
[Round "?"]
[White "Pavlov, Mircea"]
[Black "Mozes, Ervin"]
[Result "1-0"]
[WhiteElo "2385"]
[BlackElo "2385"]

1.e4 c6 2.d4 d6 3.Nc3 Nf6 4.f3 e5 5.Be3 Be7 6.dxe5 dxe5 7.Qxd8+ Bxd8 8.Bc4 Bb6
9.Ke2 Nbd7 10.a4 a5 11.Rd1 Nc5 12.Rd2 Ba7 13.Kf2 O-O 14.Nge2 Be6 15.b3 Bxc4
16.bxc4 Ne6 17.Rhd1 Rfc8 18.Nc1 Bd4 19.Bxd4 exd4 20.N3e2 Nc5 21.c3 d3 22.Nxd3 Nxa4
23.Rb1 Rd8 24.Ke3 Nd7 25.Rxb7 Nab6 26.Nb2 Rdb8 27.Rxb8+ Rxb8 28.Nd4 Ra8 29.Nxc6  1-0

[Event "ROM-chT"]
[Site "ROM"]
[Date "1994.??.??"]
[Round "?"]
[White "Florean, Andrei"]
[Black "Nanu, Ciprian"]
[Result "0-1"]
[WhiteElo "2220"]
[BlackElo "2210"]

1.e4 d6 2.d4 Nf6 3.Nc3 e5 4.Nf3 Nbd7 5.Bc4 Be7 6.O-O O-O 7.a4 c6 8.dxe5 dxe5
9.Qe2 Qc7 10.Rd1 Nc5 11.b3 Bg4 12.h3 Bh5 13.Bb2 Rad8 14.Qe3 Ncd7 15.Nb1 Bc5
16.Qe2 Rfe8 17.Nbd2 Nf8 18.Nf1 Ng6 19.g3 Rxd1 20.Rxd1 Qc8 21.Kg2 a6 22.Bxf7+ Kxf7
23.Qc4+ Nd5 24.Ng5+ Kf6 25.Nxh7+ Kf7 26.exd5 Kg8 27.Ng5 Bxd1 28.d6+ Kh8 29.Qxc5 Qf5
30.Bc1 Rf8 31.Be3 Bxc2 32.Nd2 Bd3 33.Qb4 Qd7 34.h4 Nf4+ 35.Kh2 Nd5 36.Qc5 b6
37.Qc1 Nxe3 38.fxe3 Qxd6 39.Qd1 Bg6 40.Qe2 Qd3 41.Qxd3 Bxd3 42.Kg2 c5 43.Ndf3 e4
44.Ne5 Re8 45.Nd7 Bc2 46.a5 bxa5 47.Nxc5 Kg8  0-1

[Event "ROM-ch (Women)"]
[Site "ROM"]
[Date "1994.??.??"]
[Round "?"]
[White "Vajda, Szidonia"]
[Black "Ionescu Brandis, Irina"]
[Result "0-1"]
[WhiteElo "2235"]
[BlackElo "2200"]

1.e4 d6 2.d4 Nf6 3.Nc3 c6 4.a4 Na6 5.h3 Nb4 6.Nf3 d5 7.e5 Bf5 8.Bd3 Ne4 9.O-O e6
10.Na2 Nxa2 11.Rxa2 Be7 12.Nd2 Nxd2 13.Qxd2 Bxd3 14.Qxd3 O-O 15.c3 c5 16.dxc5 Bxc5
17.Be3 Qc7 18.Bxc5 Qxc5 19.a5 Rac8 20.Ra4 Rfd8 21.Rd1 h6 22.Qg3 Qe7 23.Rg4 g6
24.Qe3 h5 25.Rg3 Kh7 26.Qxa7 Qc7 27.Qe3 Qxa5 28.Qf3 Rd7 29.Rg5 Qd8 30.Qe3 Rc4
31.Rd4 Rxd4 32.cxd4 Rc7 33.g4 h4 34.Qf4 Qe7 35.Kg2 Rc2 36.b3 Re2 37.Qc1 Re4
38.Qd2 Rxd4 39.Rh5+ gxh5 40.Qxd4 Qg5 41.f4 Qg7 42.g5 Qg6 43.Qf2 Qe4+ 44.Kh2 d4
45.Qxh4 Kg6 46.Qf2 Kf5 47.Kg3 h4+  0-1

[Event "ROM-chT"]
[Site "ROM"]
[Date "1994.??.??"]
[Round "?"]
[White "Dumitrescu, Dragos"]
[Black "Munteanu, Alexandru"]
[Result "1/2-1/2"]
[WhiteElo "2370"]
[BlackElo "2325"]

1.d4 d6 2.e4 Nf6 3.Nc3 e5 4.dxe5 dxe5 5.Qxd8+ Kxd8 6.Bg5 Be6 7.Nf3 Nd7 8.Rd1 Kc8
9.a3 Bc5 10.Be2 Ng4 11.O-O f6 12.Bc1 h5 13.h3 Nh6 14.Nd2 Nf7 15.b4 Bb6 16.Bc4 Nf8
17.Nd5 c6 18.Nxb6+ axb6 19.Bxe6+ Nxe6 20.Nc4 Kc7 21.Be3 c5 22.bxc5 bxc5 23.Rd5  1/2-1/2

[Event "ROM-chT"]
[Site "ROM"]
[Date "1994.??.??"]
[Round "?"]
[White "Nanu, Ciprian"]
[Black "Serdean, Pavel Dorin"]
[Result "1-0"]
[WhiteElo "2210"]
[BlackElo "2240"]

1.e4 d6 2.d4 Nf6 3.Nc3 e5 4.Nf3 Nbd7 5.Bc4 Be7 6.Qe2 O-O 7.O-O c6 8.a4 Qc7
9.h3 a5 10.Be3 exd4 11.Bxd4 Ne5 12.Bxe5 dxe5 13.Qe3 Nh5 14.Ne2 b6 15.Qc3 Bd6
16.Rad1 Be6 17.Bxe6 fxe6 18.Qc4 Rae8 19.Rd3 b5 20.axb5 cxb5 21.Qxb5 Rb8 22.Qa6 Rfd8
23.Rfd1 Ra8 24.Rxd6  1-0

[Event "Romania (Women)"]
[Site "Romania"]
[Date "1994.??.??"]
[Round "?"]
[White "Cosma, Elena Luminita"]
[Black "Muresan, Margareta"]
[Result "1-0"]
[WhiteElo "2310"]
[BlackElo "2215"]

1.e4 d6 2.d4 Nf6 3.Nc3 c6 4.f4 g6 5.Nf3 Bg4 6.h3 Bxf3 7.Qxf3 Bg7 8.Bd3 O-O
9.O-O e5 10.dxe5 dxe5 11.f5 Nfd7 12.Be3 Na6 13.Rad1 Qe7 14.Bxa6 bxa6 15.Na4 Rfd8
16.b3 f6 17.fxg6 hxg6 18.Qe2 Qb4 19.Qg4 Nf8 20.Bc5 Qb7 21.Bxf8 Rxd1 22.Rxd1 Rxf8
23.Qxg6 Qe7 24.c4 Rd8 25.Qg4 Kf7 26.Qh5+ Kg8 27.Qg4 Kf7 28.Qh5+ Kg8 29.Qe2 Bh6
30.Kh1 Rxd1+ 31.Qxd1 Be3 32.Qd3 Bd4 33.c5 Qb7 34.Qc4+ Kh8 35.Nc3 Qh7 36.Qd3 Qh6
37.Ne2 Bxc5 38.Qd1 Kh7 39.Qd7+ Kg6 40.Qf5+ Kf7 41.Qd7+ Kg6 42.Qe8+ Kg7 43.Qxc6 Qe3
44.Qd7+ Kh6 45.Qg4 Qd2 46.Qf3 Kg7 47.a4 a5 48.g3 Be3 49.Kg2 Qd3 50.h4 Qxb3
51.g4 Qb6 52.Ng3 Kf7 53.g5 Bf4 54.Qh5+ Kf8 55.Qh8+ Kf7 56.Qxf6+ Qxf6 57.gxf6 Bh6
58.Nf5 Bf8 59.Kf3 Kxf6 60.Ne3 Bh6 61.Ng4+  1-0

[Event "Saanen"]
[Site "Saanen"]
[Date "1994.??.??"]
[Round "2"]
[White "Mueller, L."]
[Black "Oratovsky, Michael"]
[Result "0-1"]
[WhiteElo "2220"]
[BlackElo "2485"]

1.d4 d6 2.e4 Nf6 3.Nc3 c6 4.f4 Qa5 5.e5 Ne4 6.Qf3 Nxc3 7.Bd2 Bf5 8.Bc4 Qb4
9.Qxc3 Qxc3 10.Bxc3 Bxc2 11.e6 d5 12.exf7+ Kxf7 13.Be2 Nd7 14.Nf3 h6 15.O-O e6
16.Ne5+ Nxe5 17.fxe5+ Kg6 18.Rf2 Be7 19.Bg4 Bf5 20.Bxf5+ exf5 21.Raf1 Raf8
22.Bd2 h5 23.Rf3 h4 24.h3 Rh5 25.Rb3 b6 26.Rff3 f4 27.Rxf4 Rxf4 28.Bxf4 Kf5
29.Bd2 Ke6 30.Rf3 Rf5 31.Rxf5 Kxf5 32.Kf2 Ke4 33.Be3 c5 34.dxc5 bxc5 35.e6 d4
36.Bd2 Kd3 37.Bf4 Kc2  0-1

[Event "Saanen"]
[Site "Saanen"]
[Date "1994.??.??"]
[Round "8"]
[White "Krizsany, Laszlo"]
[Black "Siebrecht, Sebastian"]
[Result "0-1"]
[WhiteElo "2385"]
[BlackElo "2360"]

1.d4 d6 2.e4 Nf6 3.Nc3 c6 4.f4 Qa5 5.e5 Ne4 6.Qf3 Nxc3 7.Bd2 Bf5 8.Bxc3 Qd5
9.Qxd5 cxd5 10.O-O-O e6 11.Nf3 Nd7 12.Bb4 dxe5 13.Bxf8 Rxf8 14.Bb5 f6 15.dxe5 Bg4
16.exf6 gxf6 17.Rhe1 a6 18.Be2 Ke7 19.h3 Bf5 20.Nd4 Be4 21.Bd3 f5 22.g4 Rac8
23.Nxe6 Kxe6 24.gxf5+ Ke7 25.Bxe4 dxe4 26.Rxe4+ Kd8 27.Rg1 Rf7 28.Rg8+ Nf8
29.Re5 Rc4 30.Rd5+ Kc7  0-1

[Event "Sala op"]
[Site "Sala"]
[Date "1994.??.??"]
[Round "1"]
[White "Golod Ratner, A."]
[Black "Zagorskis, Darius"]
[Result "0-1"]
[WhiteElo "2080"]
[BlackElo "2450"]

1.e4 d6 2.d4 Nf6 3.Nc3 Nbd7 4.Nf3 e5 5.Bc4 Be7 6.O-O O-O 7.Re1 c6 8.a4 b6
9.d5 Bb7 10.dxc6 Bxc6 11.Bg5 Qc7 12.Bb5 a6 13.Bxc6 Qxc6 14.Nd5 Bd8 15.Bxf6 Nxf6
16.Nxf6+ Bxf6 17.Qd3 Rfc8 18.Re2 Be7 19.h3 g6 20.Nh2 Qc4 21.Qxc4 Rxc4 22.b3 Rc3
23.Ng4 Bg5 24.Rd1 Rd8 25.g3 h5 26.Ne3 Bxe3 27.fxe3 Kf8 28.Kf2 Ke7 29.Red2 f5
30.exf5 gxf5 31.h4 Ke6 32.Ke2 d5 33.Rg1 Rdc8  0-1

[Event "Sala op"]
[Site "Sala"]
[Date "1994.??.??"]
[Round "3"]
[White "Zontakh, Andrey"]
[Black "Matthey, Harald"]
[Result "1-0"]
[WhiteElo "2450"]
[BlackElo "2340"]

1.e4 d6 2.d4 Nf6 3.Nc3 e5 4.Nf3 Nbd7 5.Bc4 Be7 6.O-O O-O 7.Re1 c6 8.a4 a5
9.Bg5 Qc7 10.h3 Re8 11.Qd2 Nf8 12.Rad1 Be6 13.Bxf6 Bxf6 14.d5 cxd5 15.Bxd5 Be7
16.Bxe6 fxe6 17.Nb5 Qc6 18.Re3 Red8 19.Qe2 Rdc8 20.Rc3 Qa6 21.Rdd3 Rab8 22.Qd2 Rxc3
23.Qxc3 Qc6 24.Qxc6 bxc6 25.Nxd6 Rxb2 26.Nxe5 Rxc2 27.Ndc4 Bb4 28.Rd8 g6
29.Rc8 Be1 30.Kf1 Bxf2 31.Nd7 Bg3 32.Rxf8+ Kg7 33.Rf3 Rxc4 34.Rxg3 Rxa4 35.Rc3 Rd4
36.Nc5 Kf6 37.Nb3 Rxe4 38.Nxa5 Ra4 39.Nxc6 Kf5 40.Re3 Rc4 41.Ne5 Rc2 42.Nf3 Kf4
43.Rxe6 g5 44.Nd4 Ra2 45.Ne2+ Kf5 46.Rh6 Ra7 47.Kf2 Rg7 48.Ng3+ Ke5 49.Ra6 g4
50.h4 Rb7 51.Ra5+ Ke6 52.Ra4 Rb2+ 53.Kg1  1-0

[Event "Sala op"]
[Site "Sala"]
[Date "1994.??.??"]
[Round "5"]
[White "Timoshchenko, Gennadi A"]
[Black "Matthey, Harald"]
[Result "1-0"]
[WhiteElo "2520"]
[BlackElo "2340"]

1.d4 d6 2.e4 Nf6 3.Nc3 e5 4.Nf3 Nbd7 5.g3 c6 6.a4 Qa5 7.Bd2 exd4 8.Nxd4 Qb4
9.Ncb5 Qc5 10.Nc7+ Ke7 11.Nb3 Qe5 12.Nxa8 Nxe4 13.Be3 Kd8 14.Bg2 Ndf6 15.O-O Bg4
16.Qe1 Be6 17.Bxa7 Bc4 18.Bb6+  1-0

[Event "Sala op"]
[Site "Sala"]
[Date "1994.??.??"]
[Round "7"]
[White "Salakhova, Gulnar"]
[Black "Priehoda, Vitezslav"]
[Result "0-1"]
[WhiteElo "2125"]
[BlackElo "2400"]

1.e4 d6 2.d4 Nf6 3.Nc3 c6 4.Nf3 Bg4 5.Be2 e6 6.h3 Bh5 7.O-O d5 8.exd5 cxd5
9.Ne5 Bxe2 10.Qxe2 Nc6 11.Nxc6 bxc6 12.Na4 Be7 13.Bg5 O-O 14.Nc5 Bxc5 15.dxc5 Re8
16.c4 h6 17.Bxf6 Qxf6 18.b4 d4 19.Qe4 e5 20.f4 exf4 21.Qxf4 Qxf4 22.Rxf4 Rad8
23.Rd1 d3 24.Rd2 Re1+ 25.Kf2 Rb1 26.Ke3 Rxb4 27.Rd4 Rxd4 28.Kxd4 Rb7 29.Kc3 Rd7
30.Kb2 f5 31.Kc1 Rd4 32.Kd1 Kh7 33.Rb2 Rxc4 34.Kd2 Rc2+ 35.Rxc2 dxc2 36.Kxc2 g5
37.Kb3 h5 38.Ka4 g4 39.hxg4 fxg4 40.Ka5 h4 41.Ka6 h3 42.gxh3 gxh3 43.Kxa7 h2
44.a4 h1=Q 45.a5 Qb1  0-1

[Event "San Martin"]
[Site "San Martin"]
[Date "1994.??.??"]
[Round "2"]
[White "Rodriguez, Andres"]
[Black "Soppe, Guillermo"]
[Result "1-0"]
[WhiteElo "2435"]
[BlackElo "2430"]

1.e4 Nf6 2.Nc3 d6 3.d4 c6 4.f4 Qa5 5.Bd3 e5 6.dxe5 dxe5 7.f5 Nbd7 8.Nh3 b5
9.Bd2 b4 10.Nb1 Qb6 11.Nf2 Bc5 12.O-O Bb7 13.a3 a5 14.axb4 axb4 15.Rxa8+ Bxa8
16.Qf3 Bb7 17.Bc1 Ba6 18.Nd2 O-O 19.g4 Ra8 20.g5 Ne8 21.Kg2 Bxf2 22.Rxf2 Bxd3
23.cxd3 Qd8 24.Nc4 Ra1 25.Bd2 c5 26.Qg3 Qc7 27.h4 Ra6 28.h5 g6 29.hxg6 hxg6
30.f6 Re6 31.Qh4  1-0

[Event "SLO-chT"]
[Site "?"]
[Date "1994.??.??"]
[Round "?"]
[White "Kosmac, Blaz"]
[Black "Mikac, Tomaz"]
[Result "0-1"]
[WhiteElo "2000"]
[BlackElo "2215"]

1.e4 d6 2.d4 Nf6 3.Nc3 Nbd7 4.f4 e5 5.Nf3 exd4 6.Nxd4 Be7 7.Bc4 O-O 8.O-O Re8
9.Nb3 c6 10.a4 d5 11.exd5 Nb6 12.Bd3 Nbxd5 13.Qf3 Nb4 14.Kh1 Nxd3 15.cxd3 Bg4
16.Qg3 Bf5 17.Rd1 Bf8 18.Be3 Nd5 19.Bd4 b6 20.Qf3 Nb4 21.Bg1 Qd7 22.Qg3 c5
23.Ne4 Qc6 24.Nbd2 Rad8 25.Qg5 Qg6 26.Qxg6 hxg6 27.Ng3 Bxd3 28.Nf3 f6 29.a5 Bd6
30.axb6 axb6 31.Ra7 Bxf4 32.Rb7 Rb8 33.Rd7 Bb5 34.Ra7 Bc6 35.Nh4 Kh7 36.Nf1 Rbd8
37.Ne3 Bxe3  0-1

[Event "SLO-chT"]
[Site "?"]
[Date "1994.??.??"]
[Round "?"]
[White "Kariz, P."]
[Black "Novacan, Marko"]
[Result "1-0"]
[WhiteElo "2150"]
[BlackElo "2290"]

1.e4 d6 2.d4 Nf6 3.Nc3 Nbd7 4.f4 e5 5.Nf3 exd4 6.Qxd4 Nc5 7.Bd2 Be7 8.h3 h5
9.g3 Bd7 10.Bc4 b5 11.Nxb5 Ncxe4 12.Ng5 d5 13.Nxf7 Kxf7 14.Bxd5+ Kf8 15.Nxc7 Rc8
16.Ba5 Rxc7 17.Bxe4 Bc5 18.Qe5 Bb6 19.Bb4+ Kf7 20.O-O-O Re8 21.Bd5+ Nxd5
22.Qxd5+ Kg6 23.g4 h4 24.Qh5+ Kf6 25.Bc3+ Rxc3 26.g5+ Ke7  1-0

[Event "SLO-chT"]
[Site "?"]
[Date "1994.??.??"]
[Round "?"]
[White "Mohr, Georg"]
[Black "Mikac, Tomaz"]
[Result "1-0"]
[WhiteElo "2420"]
[BlackElo "2215"]

1.e4 d6 2.d4 Nf6 3.Nc3 Nbd7 4.f4 e5 5.Nf3 c6 6.dxe5 dxe5 7.fxe5 Ng4 8.e6 fxe6
9.h3 Nge5 10.Be3 Be7 11.Qd2 O-O 12.O-O-O b5 13.Qe1 Nxf3 14.gxf3 Rxf3 15.Rg1 Qf8
16.Bh6 Bf6 17.e5 Bxe5 18.Bg2 Rxc3 19.bxc3 Qc5 20.Bxc6 Bxc3 21.Qxe6+ Kh8 22.Qd6 Qxd6
23.Rxd6 Rb8 24.Bf4  1-0

[Event "Wch U26"]
[Site "Sofia"]
[Date "1994.??.??"]
[Round "1"]
[White "Tzermiadianos, Angelos"]
[Black "Beikert, Guenther"]
[Result "0-1"]
[WhiteElo "2220"]
[BlackElo "2415"]

1.e4 d6 2.d4 Nf6 3.Nc3 e5 4.dxe5 dxe5 5.Qxd8+ Kxd8 6.Bg5 Be6 7.f4 exf4 8.O-O-O+ Nd7
9.e5 h6 10.Bxf6+ gxf6 11.exf6 Bc5 12.Nf3 c6 13.Ne5 Kc7 14.Nxd7 Bxd7 15.Be2 Rhg8
16.Bf3 Bg4 17.Rd3 Bxf3 18.gxf3 Rad8 19.Rxd8 Rxd8 20.Re1 Be3+ 21.Kb1 Rg8 22.a3 Rg2
23.Nd1 Bc5 24.b4 Bd6 25.Nb2 Rf2 26.Nc4 b5 27.Nxd6 Kxd6 28.Re7 Rxf3  0-1

[Event "Wch U26"]
[Site "Sofia"]
[Date "1994.??.??"]
[Round "3"]
[White "Tzermiadianos, Andreas"]
[Black "Beikert, Guenther"]
[Result "0-1"]
[WhiteElo "2350"]
[BlackElo "2415"]

1.e4 d6 2.d4 Nf6 3.Nc3 e5 4.Nge2 Nbd7 5.f3 c6 6.Be3 d5 7.exd5 cxd5 8.Ng3 Bb4
9.dxe5 Nxe5 10.Bb5+ Nc6 11.O-O O-O 12.Nce2 Re8 13.Bf2 Qa5 14.a4 a6 15.Bxc6 bxc6
16.c3 Bd6 17.Bd4 Qd8 18.a5 h5 19.Bxf6 Qxf6 20.Nxh5 Qe5 21.Nhg3 c5 22.Qd2 Rb8
23.Nd4 Qf4 24.Qxf4 Bxf4 25.Nde2 Be3+ 26.Kh1 Rxb2 27.Rfd1 Be6 28.Rd3 d4 29.Rdd1 Bb3
30.Re1 d3  0-1

[Event "Wch U26"]
[Site "Sofia"]
[Date "1994.??.??"]
[Round "4"]
[White "Abdullaeva, U."]
[Black "Velickovski Kostic, Maja"]
[Result "1-0"]
[WhiteElo "2090"]
[BlackElo "2135"]

1.e4 d6 2.d4 Nf6 3.Nc3 c6 4.Bd3 e5 5.d5 Bg4 6.f3 Bh5 7.Be3 Bg6 8.Nge2 Be7
9.O-O O-O 10.Ng3 Re8 11.b4 h5 12.Bc4 h4 13.Nge2 Nbd7 14.a4 Nb6 15.Bb3 a5
16.Na2 axb4 17.dxc6 bxc6 18.Nxb4 Qc7 19.c4 d5 20.c5 d4 21.cxb6 Qxb6 22.Nd3 dxe3
23.Nxe5 Rad8 24.Qc2 Rd2 25.Qc4 Kh7 26.a5 Qc7 27.Nxc6 Bd6 28.Ra2 Bxh2+ 29.Kh1 Rxa2
30.Bxa2 Rxe4 31.Ncd4 Qd6 32.Bb1 h3 33.fxe4 Ng4 34.gxh3 Nf2+ 35.Rxf2 exf2
36.Kg2 Qf6 37.Nf5 Qb2  1-0

[Event "Wch U26"]
[Site "Sofia"]
[Date "1994.??.??"]
[Round "9"]
[White "Lumongdong, Lisa Karlina"]
[Black "Velickovski Kostic, Maja"]
[Result "1/2-1/2"]
[WhiteElo "2090"]
[BlackElo "2135"]

1.e4 d6 2.d4 Nf6 3.Nc3 c6 4.f4 Qa5 5.Bd3 e5 6.Nf3 Bg4 7.dxe5 dxe5 8.h3 Bxf3
9.Qxf3 Nbd7 10.Bd2 Qc7 11.f5 b5 12.g4 Nb6  1/2-1/2

[Event "St Affrique op"]
[Site "St Affrique"]
[Date "1994.??.??"]
[Round "?"]
[White "Barbero, Gerardo F"]
[Black "Manouck, Thierry"]
[Result "1/2-1/2"]
[WhiteElo "2490"]
[BlackElo "2285"]

1.d4 d6 2.e4 Nf6 3.Nc3 Nbd7 4.Nf3 e5 5.Bc4 Be7 6.O-O O-O 7.a4 a5 8.h3 c6
9.Ba2 Qe8 10.Be3 Bd8 11.Nd2 exd4 12.Bxd4 Qe7 13.Re1 Bc7 14.f4 Nb6 15.f5 Nfd7
16.Nf3 Ne5 17.Rf1 Nbd7 18.Kh1 Kh8 19.Qd2 f6 20.Ne1 Rd8 21.Nd3 Nf8 22.Qf2 Bd7
23.Rad1 Be8 24.Nf4 Bf7 25.Bxf7 Nxf7 26.Rde1 Rd7 27.g4 Re8 28.Kg2 Qd8 29.Re2 Rde7
30.Rfe1 Ne5 31.b3 Ned7 32.h4 Bb6 33.Bxb6 Qxb6 34.Qg3 Qd4 35.Rd1 Qe5 36.Rxd6 Nc5
37.Nh5 Nfd7 38.g5 fxg5 39.hxg5 Kg8 40.Qxe5 Rxe5 41.Kf3 g6 42.Ng3 gxf5 43.exf5 Rxe2
44.Ncxe2 Ne5+ 45.Kf4 Nf7 46.Rd1 b5 47.Nc3 bxa4 48.bxa4 Rb8 49.Rd4 Rb2 50.Rc4 Rb4
51.Rxb4 axb4 52.Na2 Nxa4 53.Nxb4 Nd8 54.Ne4 Kg7 55.Na6 Nb6 56.Nc7 Kf7 57.Ke5 Ke7
58.Kd4 Kd7 59.Na6 Nd5 60.c4 Ne7 61.Ke5 Nf7+ 62.Kf6 Ke8 63.Nc7+ Kf8 64.Ke6 Nc8
65.c5 Ne7 66.Na8 Nd5 67.Nb6 Nc7+ 68.Kd7 Nb5 69.Nc4 Nd4 70.Ne3 Ne5+ 71.Kd6 Nf7+
72.Kd7 Ne5+ 73.Kc7 Nf7 74.Kb7 Ke7 75.Kb6 Kf8 76.f6 Ke8 77.Nc4 Kd7 78.Ncd6 Ne5
79.Nb7 Nc4+ 80.Ka6 Ne5 81.Nbd6 Ke6 82.Kb6 h6 83.gxh6 Nd7+ 84.Kc7 Nxf6 85.Ng5+ Kd5
86.Kb6 Nd7+ 87.Ka5 Nf6 88.Nde4 Ke5 89.Nc3 Kf5 90.h7 Nxh7 91.Nxh7 Ne6 92.Kb6 Kg6  1/2-1/2